Rap by letter (P) - Statistics

General Stats
  • This quiz has been taken 3 times
  • The average score is 2 of 10
Answer Stats
Hint Answer % Correct
Jay Z had 99 of these. Problems
67%
50 Cent's song from "Get Rich Or Die Tryin'". P.I.M.P
33%
New York rapper, was a part of Mobb Deep. Died in 2017. Prodigy
33%
Wu-Tang Clan's song from "Enter The Wu-Tang (36 Chambers)". Protect Ya Neck
33%
Xzibit's song, released in 1996. Paparazzi
0%
2Pac's song from "All Eyez On Me", has features from Danny Boy, C-PO and Big Syke. Picture Me Rollin'
0%
Junior M.A.F.I.A.'s song, released in 1995. Player's Anthem
0%
Jay Z's song from "Reasonable Doubt". Politics As Usual
0%
G-Unit's song, released in 2003. Poppin' Them Thangs
0%
Big L's song featuring Kid Capri, released in 1995. Put It On
0%
No matching quizzes found
Score Distribution
Percent of People with Each Score
Percentile by Number Answered
Your Score History
You have not taken this quiz